000 00469nam a2200181Ia 4500
001 1349
005 20260306143722.0
008 260306t2013||||xx |||||||||||||| ||spa||
041 _aESP
082 _a196.1
_bB27A
100 _aBataillon, Marcel
_eAUT
245 0 _aErasmo y España:
_bestudios sobre la historia espiritual del siglo XVI
260 _c2013
300 _acxvi, 921 páginas :
_c24 cm.
650 _aGEN
654 _aCHU
942 _cLIB
_dJUS
_fJUS
_2ddc
_n
999 _c1349
_d1349